<?xml version="1.0" encoding="UTF-8"?>
<record
    xmlns:xsi="http://www.w3.org/2001/XMLSchema-instance"
    xsi:schemaLocation="http://www.loc.gov/MARC21/slim http://www.loc.gov/standards/marcxml/schema/MARC21slim.xsd"
    xmlns="http://www.loc.gov/MARC21/slim">

  <leader>00851nam a2200181   4500</leader>
  <controlfield tag="005">20240815102806.0</controlfield>
  <controlfield tag="008">240815b        sp |||||||| |||| 00| 0 spa d</controlfield>
  <datafield tag="050" ind1="0" ind2="4">
    <subfield code="a">F1231.E57</subfield>
    <subfield code="b">G37 1983</subfield>
  </datafield>
  <datafield tag="100" ind1="1" ind2=" ">
    <subfield code="a">Garc&#xED;a-Ab&#xE1;solo, Antonio F.</subfield>
  </datafield>
  <datafield tag="245" ind1="1" ind2="0">
    <subfield code="a">Mart&#xED;n Enr&#xED;quez y la reforma de 1568 en Nueva Espa&#xF1;a</subfield>
    <subfield code="c">/ Antonio F. Garc&#xED;a-Ab&#xE1;solo.</subfield>
  </datafield>
  <datafield tag="250" ind1=" " ind2=" ">
    <subfield code="a">Primera edici&#xF3;n. </subfield>
  </datafield>
  <datafield tag="260" ind1=" " ind2=" ">
    <subfield code="a">[Sevilla] : </subfield>
    <subfield code="b">Excma. Diputaci&#xF3;n Provincial de Sevilla,</subfield>
    <subfield code="c">1983.</subfield>
  </datafield>
  <datafield tag="300" ind1=" " ind2=" ">
    <subfield code="a">382 paginas. ; </subfield>
    <subfield code="b">ilustraciones, </subfield>
    <subfield code="c">24 cm.</subfield>
  </datafield>
  <datafield tag="440" ind1=" " ind2=" ">
    <subfield code="a">Publicaciones de la Excma. Diputaci&#xF3;n Provincial de Sevilla.</subfield>
    <subfield code="p">Secci&#xF3;n Historia. </subfield>
    <subfield code="p">Serie V centenario del descubrimiento de Am&#xE9;rica ;</subfield>
    <subfield code="v">N&#xB0; 2</subfield>
  </datafield>
  <datafield tag="600" ind1="1" ind2=" ">
    <subfield code="a">Enr&#xED;quez, Mart&#xED;n,</subfield>
    <subfield code="d">1508/1580-1583.</subfield>
    <subfield code="q">[Mart&#xED;n Enr&#xED;quez de Almansa y Ulloa]</subfield>
  </datafield>
  <datafield tag="651" ind1=" " ind2="7">
    <subfield code="2">lemb </subfield>
    <subfield code="a">M&#xE9;xico </subfield>
    <subfield code="x">Historia</subfield>
    <subfield code="y">Colonia espa&#xF1;ola, 1540-1810.</subfield>
  </datafield>
  <datafield tag="942" ind1=" " ind2=" ">
    <subfield code="2">lcc</subfield>
    <subfield code="n">0</subfield>
    <subfield code="c">LIB</subfield>
  </datafield>
  <datafield tag="999" ind1=" " ind2=" ">
    <subfield code="c">170678</subfield>
    <subfield code="d">170676</subfield>
  </datafield>
  <datafield tag="952" ind1=" " ind2=" ">
    <subfield code="1">0</subfield>
    <subfield code="2">lcc</subfield>
    <subfield code="4">0</subfield>
    <subfield code="7">0</subfield>
    <subfield code="a">INV-033</subfield>
    <subfield code="b">INV-033</subfield>
    <subfield code="c">GENERAL</subfield>
    <subfield code="d">2024-08-15</subfield>
    <subfield code="f">1a ed.</subfield>
    <subfield code="i">H</subfield>
    <subfield code="k">EH</subfield>
    <subfield code="l">0</subfield>
    <subfield code="o">F1231.E57 G37 1983</subfield>
    <subfield code="p">IIH000036557</subfield>
    <subfield code="r">2024-08-15 11:27:27</subfield>
    <subfield code="t">1</subfield>
    <subfield code="v">1.00</subfield>
    <subfield code="y">LIB</subfield>
  </datafield>
</record>
